000 01690cam a22003494i 4500
003 PE-LiUPU
005 20250731183417.0
008 150625s r 000 0 d
035 _a(Sirsi) a34700
040 _aPE-LiUPU
_bspa
_cPE-LiUPU
_erda
082 0 4 _a751.422
_bB433a
_223
100 1 _aBell, John G.,
_eautor.
245 1 0 _aAcuarela en 5 lecciones /
_cJohn G. Bell.
250 _aCuarta edición.
264 1 _aBarcelona :
_bLas Ediciones de Arte LEDA;
336 _atext
_2rdacontent
337 _aunmediated
_2rdamedia
338 _avolume
_2rdacarrier
490 _aComo se hace
505 0 _aEl dibujo publicitario. - La rotulación a la pluma. - La rotulación al pincel. - Cómo se armonizan los colores. - Pinte Ud. - El dibujo a la pluma. - Haga croquis!. - Movimiento y ritmo en pintura. - La decoración de la casa modesta. - Vida nueva a muebles viejos. - Anatomía para artistas. - Perspectiva para artistas. - Pintismo. - Arte creador infantil. - El dibujo a lápiz. - Acuarela en 5 lecciones. - Oleo en 5 lecciones . - Distorsión constructiva. - Test de arte. - Cartilla del pintor amateur. - La presentación de productos. - Serigrafía artística. - Técnicas de Liza y pastel. - Técnica del ornamento actual.
526 _aP158
526 _aP146
526 _aP17
526 _aP12
526 _aP06
650 0 _aAcuarela
_x-Pintura
_93218
650 0 _aPinturas
_x-Acuarelas
_93219
942 _2ddc
_cBK
_n0
949 _a751.422 B433a
_wDEWEY
_c1
_i05575
_lCCODEBUL1
_mBUL
_p00.00
_r0
_sY
_tBOOK
_u2015-06-25
_xBIBLIOTECA
_zUNKNOWN
_0COMPRA
_o.STAFF. Colección General
999 _c42586
_d42586
980 _81
_gALBERTO SANCHEZ Responsable de Automatización